Brasil, 1981-2013: efectos del crecimiento económico y de la desigualdad de los ingresos en la pobreza /
Analiza los efectos del crecimiento económico y la desigualdad de los ingresos en la pobreza del Brasil entre 1981 y 2013. Se utiliza un modelo de panel dinámico, mediante el método generalizado de momentos de dos pasos desarrollado por Blundell y Bond (1998) para tres periodos. El primero, que comp...
Gardado en:
| Autor Principal: | |
|---|---|
| Outros autores: | , |
| Formato: | Libro |
| Idioma: | Spanish |
| Materias: | |
| Etiquetas: |
Engadir etiqueta
Sen Etiquetas, Sexa o primeiro en etiquetar este rexistro!
|
MARC
| LEADER | 00000nam a22000007a 4500 | ||
|---|---|---|---|
| 003 | cru CIDCACS/IIS | ||
| 005 | 20170818111103.0 | ||
| 007 | ta | ||
| 008 | 170810t2016 cl |||p|r|||| 00| 0 spa d | ||
| 999 | |c 19568 |d 19568 | ||
| 040 | |c cru CIDCACS/IIS | ||
| 100 | 1 | |9 5147 |a Tabosa, Francisco José Silva | |
| 245 | 1 | |a Brasil, 1981-2013: |b efectos del crecimiento económico y de la desigualdad de los ingresos en la pobreza / |c Francisco José Silva Tabosa, Pablo Urano de Carvalho Castelar, Guilherme Irffi | |
| 300 | |a Páginas 163-180 : |b tablas | ||
| 520 | |a Analiza los efectos del crecimiento económico y la desigualdad de los ingresos en la pobreza del Brasil entre 1981 y 2013. Se utiliza un modelo de panel dinámico, mediante el método generalizado de momentos de dos pasos desarrollado por Blundell y Bond (1998) para tres periodos. El primero, que comprende a los otros dos, va de 1981 a 2013, mientras que el segundo y el tercero, corresponden a las etapas anterior y posterior a la implementación del Plan Real (1981-1994 y 1995-2013, respectivamente). Los resultados muestran que, para combatir la pobreza en el Brasil, las políticas de crecimiento económico que promueven simultáneamente el aumento de los ingresos y la reducción de las disparidades son preferibles a las que priorizan solo el aumento de los ingresos medios. Se observa también un crecimiento a favor de los pobres en el periodo posterior al Plan Real. | ||
| 650 | 1 | 0 | |9 639 |a CRECIMIENTO ECONOMICO |
| 650 | 4 | |9 2669 |a DISTRIBUCION DEL INGRESO | |
| 650 | 1 | 0 | |9 284 |a POBREZA |
| 650 | 1 | 0 | |9 77 |a DESIGUALDAD SOCIAL |
| 650 | 1 | 0 | |9 5250 |a MEDICION |
| 650 | 1 | 0 | |9 5254 |a MODELOS ECONOMETRICOS |
| 700 | 1 | |9 5148 |a Castelar, Pablo Urano de Carvalho | |
| 700 | 1 | |9 5149 |a Irffi, Guilherme | |
| 773 | 0 | |0 18890 |9 1099 |a Comisión Económica para América Latina y el Caribe |d Santiago, Chile: Comisión Económica para América Latina y el Caribe |o 18242 |t Revista de la CEPAL / | |
| 942 | |2 ddc |c PP | ||
